[Event "GER-chT U16"]
[Site "Berlin"]
[Date "2005.12.29"]
[Round "5.2"]
[White "Nissler, Daniel"]
[Black "Steinbach, Ulrich"]
[Result "1-0"]
[WhiteElo "1771"]
[BlackElo "1673"]
[PlyCount "75"]
[EventDate "2005.12.27"]
[EventType "team-swiss"]
[EventRounds "7"]
[EventCountry "GER"]
[SourceTitle "EXT 2022"]
[Source "ChessBase"]
[SourceDate "2021.10.06"]
[SourceVersion "1"]
[SourceVersionDate "2021.10.06"]
[SourceQuality "1"]
[WhiteTeam "Apolda TSG U16"]
[BlackTeam "Koeln Muelheim U16"]
[WhiteTeamCountry "GER"]
[BlackTeamCountry "GER"]

1. e4 c5 2. Nc3 e6 3. g3 Nc6 4. Bg2 Nf6 5. d3 Be7 6. Nf3 d6 7. 0-0 0-0 8. Bg5 h6 9. Bd2 Rb8 10. Ne2 Qc7 11. c3 Rd8 12. Qc2 d5 13. e5 Nd7 14. d4 b5 15. a3 a5 16. b4 cxb4 17. cxb4 a4 18. h4 Nb6 19. g4 Nc4 20. Bf4 Bf8 21. g5 Ne7 22. gxh6 gxh6 23. Ng3 f5 24. Qc1 Kh7 25. Nh5 Ng8 26. Nf6+ Nxf6 27. exf6 Bd6 28. Bxh6 f4 29. Bg7 Bf8 30. Ng5+ Kg8 31. Bxf8 Kxf8 32. Qc2 Rb7 33. Qg6 Nd6 34. h5 e5 35. dxe5 Nf5 36. e6 Rd6 37. Qxf5 d4 38. e7+ 1-0

[Event "GER-chT U16"]
[Site "Berlin"]
[Date "2005.12.29"]
[Round "6.2"]
[White "Strathoff, Martin"]
[Black "Nissler, Daniel"]
[Result "1-0"]
[WhiteElo "2026"]
[BlackElo "1771"]
[PlyCount "67"]
[EventDate "2005.12.27"]
[EventType "team-swiss"]
[EventRounds "7"]
[EventCountry "GER"]
[SourceTitle "EXT 2022"]
[Source "ChessBase"]
[SourceDate "2021.10.06"]
[SourceVersion "1"]
[SourceVersionDate "2021.10.06"]
[SourceQuality "1"]
[WhiteTeam "Berghofen Wambel U16"]
[BlackTeam "Apolda TSG U16"]
[WhiteTeamCountry "GER"]
[BlackTeamCountry "GER"]

1. d4 e6 2. c4 Nf6 3. Nc3 Bb4 4. Qc2 b6 5. a3 Bxc3+ 6. bxc3 Bb7 7. Bg5 h6 8. Bxf6 gxf6 9. e4 Qe7 10. Ne2 Rg8 11. Ng3 d5 12. cxd5 exd5 13. f3 dxe4 14. fxe4 Nd7 15. Be2 f5 16. 0-0 fxe4 17. Bc4 Rf8 18. Nf5 Qg5 19. h4 Qg6 20. Rae1 Nf6 21. Qa4+ Kd8 22. Qb4 Re8 23. d5 a5 24. Qb5 Re5 25. Ne3 Ne8 26. Qa4 Nd6 27. Be2 h5 28. Qd4 Re8 29. c4 Rb8 30. c5 bxc5 31. Qxc5 Bc8 32. Rc1 Re7 33. Qd4 Re8 34. Rc6 1-0

[Event "GER-chT Lands U20"]
[Site "Bad Sulza"]
[Date "2004.11.19"]
[Round "7.5"]
[White "Nissler, Daniel"]
[Black "Zimmermann, Gordon"]
[Result "1-0"]
[WhiteElo "1535"]
[BlackElo "1563"]
[PlyCount "55"]
[EventDate "2004.11.15"]
[EventType "team-swiss"]
[EventRounds "7"]
[EventCountry "GER"]
[SourceTitle "EXT 2006"]
[Source "ChessBase"]
[SourceDate "2005.11.24"]
[SourceVersion "1"]
[SourceVersionDate "2005.11.24"]
[SourceQuality "1"]

1. e4 e5 2. Nf3 Nc6 3. Bb5 a6 4. Ba4 Nf6 5. 0-0 Be7 6. Re1 b5 7. Bb3 d6 8. c3 0-0 9. d4 Bg4 10. d5 Na5 11. Bc2 Re8 12. h3 Bc8 13. Nbd2 c5 14. b4 cxb4 15. cxb4 Nc4 16. Bd3 Nxd2 17. Bxd2 Bb7 18. a4 bxa4 19. Rxa4 Bf8 20. Qa1 Bxd5 21. Rxa6 Bb7 22. Rxa8 Bxa8 23. Bg5 g6 24. Bb5 Re6 25. Bc4 d5 26. exd5 Bxd5 27. Rd1 Qa8 28. Qxa8 1-0

[Event "GER-chT U16"]
[Site "Greifswald"]
[Date "2003.12.28"]
[Round "3.3"]
[White "Wirths, Clara"]
[Black "Nissler, Daniel"]
[Result "1-0"]
[WhiteElo "1508"]
[BlackElo "1424"]
[PlyCount "92"]
[EventDate "2003.12.27"]
[EventType "team-swiss"]
[EventRounds "7"]
[EventCountry "GER"]
[SourceTitle "EXT 2022"]
[Source "ChessBase"]
[SourceDate "2021.10.06"]
[SourceVersion "1"]
[SourceVersionDate "2021.10.06"]
[SourceQuality "1"]
[WhiteTeam "Wermelskirchen U16"]
[BlackTeam "Apolda TSG U16"]
[WhiteTeamCountry "GER"]
[BlackTeamCountry "GER"]

1. e4 e6 2. d4 d5 3. Nc3 Bb4 4. e5 c5 5. a3 Bxc3+ 6. bxc3 Qc7 7. Qg4 Ne7 8. Qxg7 Rg8 9. Qxh7 cxd4 10. Ne2 Nbc6 11. f4 dxc3 12. Qd3 Bd7 13. Nxc3 a6 14. g3 Rc8 15. Bd2 Na7 16. a4 b5 17. a5 Nac6 18. Ne2 Nd8 19. Nd4 Nb7 20. Be2 Nc6 21. Qh7 Ne7 22. Bh5 Nd8 23. c3 Bc6 24. 0-0 Kd7 25. Bxf7 Rf8 26. Nxe6 Nxe6 27. Bxe6+ Kxe6 28. f5+ Rxf5 29. Qh6+ Kd7 30. e6+ Kd8 31. Qh8+ Be8 32. Rxf5 Nxf5 33. Bg5+ Ne7 34. Rd1 Qc5+ 35. Kh1 Kc7 36. Qg7 Kd8 37. Rxd5+ Qxd5+ 38. Kg1 Qxe6 39. Qd4+ Bd7 40. Qh8+ Kc7 41. Qd4 Qe1+ 42. Kg2 Bc6+ 43. Kh3 Qf1+ 44. Kg4 Qc4 45. Bf4+ Kb7 46. Qb6+ Ka8 1-0